La metamorfosis. carta al padre /

Guardado en:
Autor Principal: Kafka, Franz
Otros Autores: Kaufman, Ruth; comp., Aitala, Ercilia; comp.
Formato: Libro
Publicado: Buenos Aires : Cántaro, 2009
Edición:1a. reimp.
Series:Del Mirador; 121
Materias:
Etiquetas: Agregar Etiqueta
Sin Etiquetas, Sea el primero en etiquetar este registro!
LEADER 01609nam a22002535a 4500
001 CEM.cems013706
005 20130410161021.0
008 130507s2009##################000#0#####d
003 CEMS
020 |a 9789871150229 
082 0 4 |a 891.863 
100 1 |a Kafka, Franz 
245 1 0 |a La metamorfosis. carta al padre /  |c Franz Kafka 
250 |a 1a. reimp. 
260 |a Buenos Aires :  |b Cántaro,  |c 2009 
300 |a 160 p. 
490 0 |a Del Mirador; 121 
500 |a Compilado por Ruth Kaufman y Ercilia Aitala 
505 0 |a El padre de Kafka, un gigantede fuerza física y espíritu emprendedor, y su hijo débil, sufriente en su miserable cuerpo, son los protagonistas de Carta al padre, documento autobiográfico que permite ver lo destrozada e incompleta que fue la existencia del escritor. Kafka se siente como Gregor Samsa , el personaje de La metamorfosis que se levanta una mañana convertido en un espantoso insecto, perturba a su familia, es hostigado, se aisla. Excluido del mundo, acosado por el autodesprecio y el sentimiento de culpa, no puede transgredir la frontera entre la soledad y la sociedad, y allí instala esa frontera. Tiene, sin embargo, el impulso de la partida. Y espera. Como todos los personajes de Kafka, para quien el hombre no puede vivir "sin una confianza perdurable en algo indestructible", sin la convicción ineludible de que las metas existen, aunque no existan los caminos 
653 |a Literatura 
653 |a Literatura checa 
700 1 |a Kaufman, Ruth; comp. 
700 1 |a Aitala, Ercilia; comp. 
859 |a CEMS  |b BIB. CEMS - 11 de abril  |h 891.863  |i K110-8  |p 26439.12  |t Ej.1